Statistiques concernant Films commençant par H par images

Cliquez ici pour prendre le quiz!

Statistiques générales

  • Ce quiz a été pris 624 fois
  • Le résultat moyen est 11 sur 24

Statistiques - réponses

Réponse% Correct
Harry Potter à l'école des sorciers
100%
Hulk
99%
Her
94%
Hercule
93%
La Haine
79%
Hannibal
77%
Hunger Games
77%
High School Musical
67%
Halloween
57%
Hellboy
54%
Hook ou la revanche du Capitaine Crochet
50%
Hollywoo
38%
Hancock
35%
Heidi
34%
Hibernatus
30%
L'Homme qui murmurait à l'oreille des chevaux
26%
Happiness Therapy
23%
Les Huit Salopards
23%
Hippocrate
22%
Huit Femmes
22%
Hors normes
11%
Habemus Papam
8%
Harry, un ami qui vous veut du bien
7%
Hanna
5%

Distribution des résultats

Percentile par nombre de réponses

% des personnes avec chaque résultat

Votre développement - résultats

Vous n’avez pas pris ce quiz